000254592 001__ 254592
000254592 005__ 20240821173153.0
000254592 0247_ $$aG:(GEPRIS)318064412$$d318064412
000254592 035__ $$aG:(GEPRIS)318064412
000254592 040__ $$aGEPRIS$$chttp://gepris.its.kfa-juelich.de
000254592 150__ $$aQuantifizierung der multiskaligen Wasserversorgung der Atacama-Wüste mit Auswirkungen auf Biologie und Landschaftsentwicklung (A01)$$y2016 -
000254592 371__ $$aProfessorin Dr. Susanne Crewell
000254592 371__ $$aProfessor Dr. Ulrich Löhnert
000254592 450__ $$aSFB 1211 A01$$wd$$y2016 -
000254592 5101_ $$0I:(DE-588b)2007744-0$$aDeutsche Forschungsgemeinschaft$$bDFG
000254592 550__ $$0G:(GEPRIS)268236062$$aSFB 1211: Evolution der Erde und des Lebens unter extremer Trockenheit$$wt
000254592 680__ $$aAnstelle der idealisierten, geschlossenen Rutllant-Zelle, die das "Anden-Pumping" am Tag hervorgebracht hat, fanden wir eine komplexe Kombination von Vorwärts- und Rückwärtsbewegungen, die Wasserdampf in die Wüste hinein und aus ihr heraus transportieren, mit ausgeprägten Tälern und Becken, die als Wasserdampfpfade vom Ozean über die Küstengebirge zur zentralen Depression fungieren. Auf der Grundlage unserer bisherigen Erkenntnisse und der von uns entwickelten Instrumente wollen wir die verschiedenen Feuchtigkeitsquellen und ihre räumlich-zeitliche Variabilität in der Atacamawüste quantifizieren und die Abhängigkeit von großräumigen Antriebsfaktoren untersuchen. Von besonderem Interesse ist dabei die Quantifizierung des derzeit unbekannten Ausmaßes der Nebelwasserdeposition, die einen wichtigen Beitrag für biologische Prozesse darstellt.
000254592 909CO $$ooai:juser.fz-juelich.de:921195$$pauthority$$pauthority:GRANT
000254592 909CO $$ooai:juser.fz-juelich.de:921195
000254592 980__ $$aG
000254592 980__ $$aAUTHORITY